Joueurs de Ligue 1 à la Coupe du Monde 2022 - Statistiques

Statistiques générales
  • Ce quiz a été pris 427 fois
    146 depuis la dernière actualisation
  • Le résultat moyen est 28 sur 55
Statistiques - réponses
CLUB PAYS JOUEUR % Correct
Paris Saint-Germain France Kylian Mbappé
90%
Paris Saint-Germain Maroc Achraf Hakimi
87%
Paris Saint-Germain Costa Rica Keylor Navas
87%
Paris Saint-Germain Argentine Lionel Messi
84%
Paris Saint-Germain Brésil Neymar Jr
84%
Lille OSC Canada Jonathan David
80%
Paris Saint-Germain Brésil Marquinhos
79%
AS Monaco Japon Takumi Minamino
78%
Olympique de Marseille France Jordan Veretout
76%
Olympique Lyonnais Argentine Nicolas Tagliafico
76%
Paris Saint-Germain Portugal Vitinha
76%
AS Monaco France Youssouf Fofana
76%
Paris Saint-Germain Portugal Nuno Mendes
73%
Paris Saint-Germain Portugal Danilo Pereira
72%
Angers SCO Maroc Azzedine Ounahi
71%
Stade de Reims Japon Junya Ito
71%
Olympique de Marseille France Mattéo Guendouzi
71%
RC Lens Belgique Loïs Openda
70%
AS Monaco France Axel Disasi
68%
RC Lens Pologne Przemysław Frankowski
66%
Paris Saint-Germain Espagne Carlos Soler
65%
Lille OSC Etats-Unis Timothy Weah
65%
Montpellier HSC Tunisie Wahbi Khazri
61%
AS Monaco Suisse Breel Embolo
60%
Stade Rennais France Steve Mandanda
59%
OGC Nice Pays de Galles Aaron Ramsey
58%
Stade Rennais Belgique Jérémy Doku
58%
Angers SCO Maroc Sofiane Boufal
58%
Stade Rennais Belgique Arthur Theate
55%
OGC Nice Danemark Kasper Schmeichel
55%
AS Monaco Sénégal Krépin Diatta
55%
Stade Rennais Croatie Lovro Majer
54%
Olympique Lyonnais Cameroun Karl Toko-Ekambi
42%
Toulouse FC Maroc Zakaria Aboukhlal
42%
Olympique de Marseille Sénégal Pape Gueye
39%
RC Lens Ghana Salis Abdul Samed
39%
FC Nantes Cameroun Jean-Charles Castelletto
35%
FC Lorient Tunisie Montassar Talbi
34%
Paris Saint-Germain Espagne Pablo Sarabia
34%
Montpellier HSC Suisse Jonas Omlin
30%
Clermont Foot 63 Ghana Alidu Seidu
29%
AS Monaco Sénégal Ismail Jakobs
28%
Olympique de Marseille Sénégal Bamba Dieng
25%
RC Strasbourg Japon Eiji Kawashima
25%
Stade Rennais Cameroun Christopher Wooh
24%
Stade Rennais Pays de Galles Joe Rodon
23%
Stade Brestois Maroc Achraf Dari
18%
Stade Rennais Ghana Kamaldeen Sulemana
18%
AJ Auxerre Ghana Gideon Mensah
17%
ESTAC Troyes Canada Iké Ugbo
16%
RC Strasbourg Ghana Alexander Djiku
13%
Olympique de Marseille Cameroun Simon Ngapandouetnbu
13%
ESTAC Troyes Equateur Jackson Porozo
12%
Clermont Foot 63 Pologne Mateusz Wieteska
12%
Stade Rennais Sénégal Alfred Gomis
8%
Aucun quiz correspondant
Distribution des résultats
% des personnes avec chaque résultat
Percentile par nombre de réponses
Votre historique - résultats
Vous n’avez pas pris ce quiz depuis la dernière actualisation